Top 5 Major Australian Sport Leagues Teams - Statistics

General Stats
  • This quiz has been taken 151 times
    27 since last reset
  • The average score is 45 of 65
Answer Stats
% Correct
Canterbury-Bankstown Bulldogs
95%
Melbourne Storm
95%
South Sydney Rabbitohs
95%
Western Bulldogs
95%
Penrith Panthers
90%
Richmond Tigers
90%
Sydney Swans
90%
West Coast Eagles
90%
Wests Tigers
90%
Brisbane Lions
85%
Geelong Cats
85%
Brisbane Broncos
80%
Collingwood Magpies
80%
Gold Coast Suns
80%
Melbourne City
80%
Parramatta Eels
80%
Perth Glory
80%
Adelaide United
75%
Canberra Raiders
75%
Carlton Blues
75%
Cronulla-Sutherland Sharks
75%
Fremantle Dockers
75%
Hawthorn Hawks
75%
Illawara Hawks
75%
Melbourne United
75%
Melbourne Victory
75%
Newcastle Jets
75%
Newcastle Knights
75%
North Melbourne Kangaroos
75%
North Queensland Cowboys
75%
St. Kilda Saints
75%
Sydney FC
75%
Sydney Roosters
75%
Western United
75%
Adelaide Crows
70%
Essendon Bombers
70%
Gold Coast Titans
70%
GWS Giants
70%
Melbourne Demons
70%
Port Adelaide Power
70%
Warriors
70%
Brisbane Roar
65%
Dolphins
65%
Hobart Hurricanes
65%
Manly-Warringah Sea Eagles
65%
Melbourne Stars
65%
St. George Illawarra Dragons
65%
Western Sydney Wanderers
65%
Brisbane Heat
60%
Central Coast Mariners
60%
Melbourne Renegades
60%
Perth Scorchers
60%
Sydney Sixers
60%
Sydney Thunder
60%
Adelaide Strikers
55%
Perth Wildcats
55%
Wellington Phoenix
55%
South East Melbourne Phoenix
45%
Sydney Kings
45%
Adelaide 36ers
40%
Cairns Taipans
40%
Macarthur FC
40%
Brisbane Bullets
30%
New Zealand Breakers
30%
Tasmania JackJumpers
30%
No matching quizzes found
Score Distribution
Percent of People with Each Score
Percentile by Number Answered
Your Score History
You have not taken this quiz since the last reset